[Event "N4 CEIT2-Tournefeuille3"]
[Site "CEIT"]
[Date "2006.12.03"]
[Round "6.2"]
[White "Garrel, Pascal"]
[Black "Grill, Marc"]
[Result "0-1"]
[WhiteElo "1730"]
[BlackElo "2146"]
[EventDate "2006.??.??"]
[PlyCount "74"]

1.c4 e5 2.Nc3 Nf6 3.g3 Bb4 4.Bg2 O-O 5.e3 Bxc3 6.bxc3 Nc6 7.Ne2 d6 8.d4 e4
9.O-O Re8 10.Nf4 Bg4 11.f3 exf3 12.Bxf3 Bxf3 13.Qxf3 Qd7 14.Nd5 Ne4 15.Qf5
Qxf5 16.Rxf5 Ne7 17.Nxe7+ Rxe7 18.Bb2 g6 19.Rf4 Nd2 20.d5 Rxe3 21.Rd1 Re2 
22.Bc1 Nb1 23.Rf3 Rae8 24.Rdf1 f5 25.Bh6 Nd2 26.Bxd2 Rxd2 27.R1f2 Ree2 28.
Rxe2 Rxe2 29.Rf2 Rxf2 30.Kxf2 Kf7 31.Ke3 Kf6 32.Kd4 b6 33.h4 h6 34.Ke3 Ke5
35.Kf3 g5 36.hxg5 hxg5 37.a3 f4 0-1

[Event "N4 CEIT2-Tournefeuille3"]
[Site "CEIT"]
[Date "2006.12.03"]
[Round "6.1"]
[White "Hutin, Christophe"]
[Black "Marni-Sandid, Tarik"]
[Result "1-0"]
[WhiteElo "2138"]
[BlackElo "1710"]
[EventDate "2006.??.??"]
[PlyCount "63"]

1.e4 c5 2.Nf3 Nc6 3.Bb5 e6 4.O-O Nf6 5.Re1 Be7 6.c3 O-O 7.d4 cxd4 8.cxd4 
Bb4 9.Bd2 Qa5 10.Bd3 Bxd2 11.Nbxd2 Nb4 12.Bf1 Qh5 13.a3 Nc6 14.e5 Ne8 15.
Ne4 f5 16.Ng3 Qg6 17.Rc1 Nc7 18.Bc4 b5 19.Ba2 Bb7 20.d5 exd5 21.Bxd5+ Nxd5
22.Qxd5+ Rf7 23.Qxb5 Nd8 24.e6 Bxf3 25.exf7+ Nxf7 26.gxf3 f4 27.Qxd7 Rf8 
28.Rc8 Ng5 29.Rxf8+ Kxf8 30.Qd8+ Kf7 31.Re7+ Kf6 32.Qd6+ 1-0

[Event "Colomiers"]
[Site "Colomiers"]
[Date "2006.12.03"]
[Round "6.5"]
[White "Alladaye, René"]
[Black "Tarayre, Pascal"]
[Result "1-0"]
[WhiteElo "1800"]
[BlackElo "1865"]
[EventDate "2006.??.??"]
[PlyCount "111"]

1.Nf3 Nf6 2.g3 g6 3.Bg2 Bg7 4.d3 d6 5.O-O O-O 6.Nbd2 e5 7.e4 Nbd7 8.Re1 a5
9.Nf1 Nc5 10.Bd2 Ne8 11.b4 axb4 12.Bxb4 Ne6 13.Ne3 f5 14.a4 f4 15.Nd5 c6 
16.Nc3 fxg3 17.hxg3 Qf6 18.Rf1 g5 19.Nh2 Nd4 20.Ne2 Ne6 21.Nc1 Bd7 22.a5 
c5 23.Bd2 Qd8 24.Nb3 Nf6 25.Bf3 Qe8 26.Ng4 h6 27.Kg2 Bc6 28.Rh1 Nxg4 29.
Bxg4 c4 30.Nc1 d5 31.f3 dxe4 32.dxe4 Nd4 33.c3 Nb5 34.Qe2 Nd6 35.Bh5 Qd8 
36.Be3 Rxa5 37.Rxa5 Qxa5 38.Bd2 Rf6 39.Be1 b5 40.Na2 Nb7 41.Bf2 Rd6 42.Nb4
Qd8 43.Be3 Qf6 44.Nxc6 Rxc6 45.Be8 Rc8 46.Bxb5 Qe6 47.Rd1 Nd6 48.Ba4 Bf8 
49.Rb1 g4 50.Rb6 gxf3+ 51.Qxf3 Ra8 52.Bc6 Ra2+ 53.Bf2 Kg7 54.Bd5 Qf6 55.
Qg4+ Kh8 56.Qg8# 1-0

[Event "N4 - Muret / Loures-Barousse"]
[Site "?"]
[Date "2006.12.10"]
[Round "3"]
[White "Szitas, Gabor"]
[Black "Partinico, Jérémy"]
[Result "1-0"]
[WhiteElo "2197"]
[BlackElo "1964"]
[EventDate "2007.01.29"]
[PlyCount "63"]
[WhiteTeam "Loures Barousse"]
[BlackTeam "Muret"]

1.e4 c5 2.Nf3 e6 3.Nc3 Nc6 4.Bb5 Nge7 5.O-O a6 6.Bxc6 Nxc6 7.d3 Be7 8.h3 
O-O 9.Ne2 f5 10.exf5 Rxf5 11.Ng3 Rf7 12.c3 d6 13.d4 b6 14.Be3 Bb7 15.Qb3 
Qd7 16.Qd1 c4 17.Nh2 Raf8 18.Qg4 Rf6 19.Rae1 Rg6 20.Qh5 e5 21.Ng4 e4 22.
Nxe4 Rf5 23.Bg5 Bxg5 24.Ng3 Ra5 25.d5 Rxd5 26.f4 Ne7 27.fxg5 Rdxg5 28.Qh4 
Nf5 29.Nxf5 Rxf5 30.Rxf5 Qxf5 31.Qd8+ Kf7 32.Qe8# 1-0

[Event "N4 - Muret / Loures-Barousse"]
[Site "?"]
[Date "2006.12.10"]
[Round "3"]
[White "Saunders, Mark"]
[Black "Grimmer, Jonathan"]
[Result "1-0"]
[WhiteElo "1860"]
[BlackElo "1790"]
[EventDate "2007.01.29"]
[PlyCount "85"]
[WhiteTeam "Loures Barousse"]
[BlackTeam "Muret"]

1.e4 c5 2.d4 cxd4 3.c3 Nf6 4.e5 Nd5 5.cxd4 Nc6 6.Nf3 e6 7.Bc4 Nb6 8.Bb3 d6
9.O-O Be7 10.Nc3 O-O 11.Qe2 a6 12.a3 Qc7 13.Bf4 dxe5 14.dxe5 Bd7 15.Rac1 
Na5 16.Bc2 Qc4 17.Qd2 Bc6 18.Bd3 Qb3 19.Nd4 Nac4 20.Nxb3 Nxd2 21.Nxd2 Rfd8
22.Be2 f5 23.Nf3 Bxf3 24.Bxf3 g5 25.Be3 Nc4 26.Rc2 f4 27.Bc1 Nxe5 28.Be2 
Rac8 29.Rd2 Rf8 30.Rfd1 g4 31.g3 fxg3 32.hxg3 Bxa3 33.bxa3 Rxc3 34.Bb2 
Nf3+ 35.Bxf3 Rcxf3 36.Re1 Re8 37.Re4 h5 38.Re5 Rf4 39.Rd7 b5 40.Ra7 Rd8 
41.Rxe6 Kf8 42.Rh6 Rd1+ 43.Kg2 1-0

[Event "N4 - Muret / Loures-Barousse"]
[Site "?"]
[Date "2006.12.10"]
[Round "3"]
[White "Oriot, Patrice"]
[Black "Pastorelli, Loic"]
[Result "1-0"]
[WhiteElo "2150"]
[BlackElo "1808"]
[EventDate "2007.01.29"]
[PlyCount "81"]
[WhiteTeam "Loures Barousse"]
[BlackTeam "Muret"]

1.e4 c5 2.Nf3 Nc6 3.Nc3 e6 4.Bb5 Nge7 5.O-O a6 6.Bxc6 Nxc6 7.d3 d6 8.Ne1 
Be7 9.f4 O-O 10.Qh5 f5 11.Ne2 Rf6 12.c3 Bd7 13.Ng3 Rh6 14.Qf3 Bh4 15.Nc2 
Bxg3 16.Qxg3 Qf6 17.Ne3 Rf8 18.Bd2 b5 19.Rae1 Qf7 20.Qf3 Ne7 21.Nd1 Bc6 
22.Nf2 Ng6 23.Nh3 Nh4 24.Qg3 d5 25.Be3 dxe4 26.Bxc5 Rd8 27.Ng5 Qc7 28.dxe4
fxe4 29.Bd4 Nf5 30.Qf2 Qb7 31.Rd1 Nxd4 32.Rxd4 Rxd4 33.Qxd4 Bd5 34.Re1 Qe7
35.g3 Rg6 36.Qe5 Qc5+ 37.Qd4 Qe7 38.Re3 h6 39.Nxe4 Bxa2 40.Nd2 Bd5 41.Qxd5
1-0

[Event "N4 - Muret / Loures-Barousse"]
[Site "?"]
[Date "2006.12.10"]
[Round "3"]
[White "Knecht, Alain"]
[Black "Carpentier, Jean-Christophe"]
[Result "1-0"]
[WhiteElo "2260"]
[BlackElo "2061"]
[EventDate "2007.01.29"]
[PlyCount "59"]
[WhiteTeam "Loures Barousse"]
[BlackTeam "Muret"]

1.e4 d5 2.exd5 Qxd5 3.Nc3 Qa5 4.Rb1 c5 5.a3 e6 6.Nf3 g6 7.Bb5+ Bd7 8.Qe2 
Bg7 9.Ne5 Nf6 10.Bxd7+ Nbxd7 11.Nc4 Qd8 12.Nd6+ Ke7 13.Nce4 Nxe4 14.Nxe4 
Nf6 15.d3 Qd5 16.O-O h6 17.Bd2 Rac8 18.Bc3 Qf5 19.f4 h5 20.Rbe1 Rh7 21.Ng5
Rhh8 22.Qf3 Rc6 23.h3 Ne8 24.g4 hxg4 25.hxg4 Bxc3 26.gxf5 Bxe1 27.Rxe1 
gxf5 28.Re2 Nf6 29.Rh2 Rg8 30.Kf1 1-0

[Event "N4 - Muret / Loures-Barousse"]
[Site "?"]
[Date "2006.12.10"]
[Round "3"]
[White "Boukhris-Ferre, Yacine"]
[Black "Osete, José"]
[Result "1/2-1/2"]
[WhiteElo "1860"]
[BlackElo "2037"]
[EventDate "2007.01.29"]
[PlyCount "87"]
[WhiteTeam "Muret"]
[BlackTeam "Loures Barousse"]

1.e4 c5 2.Nc3 a6 3.f4 Nc6 4.Nf3 g6 5.d3 Bg7 6.g3 d6 7.h3 e6 8.Bg2 Nge7 9.
O-O O-O 10.g4 f5 11.Re1 Qc7 12.Ne2 Bd7 13.c3 Rae8 14.Ng3 d5 15.e5 Rc8 16.
Be3 b6 17.a4 h6 18.g5 h5 19.Nh4 Be8 20.Bf3 Nxe5 21.fxe5 Bxe5 22.Ne2 Bg3 
23.Bf2 Bxf2+ 24.Kxf2 e5 25.Kg1 Bf7 26.Bg2 Nc6 27.Qd2 Kg7 28.Rf1 Be6 29.
Rae1 Rce8 30.Rf2 Qd8 31.Nf3 Qd6 32.h4 f4 33.Ref1 Bg4 34.Nh2 Bf5 35.Rf3 Be6
36.Kh1 Rf7 37.d4 Bg4 38.R3f2 Bxe2 39.Qxe2 e4 40.dxc5 bxc5 41.Rd1 Qe5 42.
Qf1 Ne7 43.Bh3 Qd6 44.Re2 1/2-1/2

[Event "N4 - Muret / Loures-Barousse"]
[Site "?"]
[Date "2006.12.10"]
[Round "3"]
[White "Boukhris, Khaled"]
[Black "Bricard, Hervé"]
[Result "0-1"]
[WhiteElo "1780"]
[BlackElo "2066"]
[EventDate "2007.01.29"]
[PlyCount "76"]
[WhiteTeam "Muret"]
[BlackTeam "Loures Barousse"]

1.d4 Nf6 2.Nf3 e6 3.Bf4 b6 4.Nbd2 Bb7 5.e3 Be7 6.Bd3 Nh5 7.Bg3 d6 8.c3 Nd7
9.Qc2 f5 10.Qb3 Nxg3 11.hxg3 d5 12.a4 c6 13.a5 b5 14.c4 a6 15.c5 Qc7 16.
Nh4 O-O-O 17.f4 g5 18.Nhf3 Rdg8 19.Kf2 h5 20.Ne5 Nxe5 21.fxe5 h4 22.gxh4 
gxh4 23.Qd1 Kb8 24.b4 Bc8 25.Be2 Bd7 26.Rh3 Be8 27.Qh1 Bd8 28.Nf3 Bh5 29.
Rg1 Bg4 30.Rh2 Qe7 31.Ne1 Qg5 32.Nd3 Bxe2 33.Kxe2 Qg4+ 34.Kd2 Bg5 35.Rf1 
Qxd4 36.Rf4 Bxf4 37.exf4 Rg3 38.Qf1 Rxd3+ 0-1

[Event "N4 EVT-TARBES"]
[Site "?"]
[Date "2006.12.10"]
[Round "3"]
[White "Zarrouati, Pierre"]
[Black "Lemoine, Benoit"]
[Result "1-0"]
[WhiteElo "2160"]
[BlackElo "2132"]
[EventDate "2006.12.11"]
[PlyCount "131"]

1.d4 Nf6 2.Nf3 g6 3.c4 Bg7 4.Nc3 d5 5.Bf4 c5 6.dxc5 Qa5 7.cxd5 Nbd7 8.Qd2 
Nxc5 9.Rc1 b5 10.b4 Qxb4 11.Rb1 Nfe4 12.Rxb4 Bxc3 13.Rxe4 Nxe4 14.Qxc3 
Nxc3 15.Be5 Nxa2 16.Bxh8 f6 17.Bg7 b4 18.e4 a5 19.Kd2 Nc3 20.Bd3 a4 21.Nd4
Bd7 22.Bh6 Rc8 23.Rc1 a3 24.Be3 Ba4 25.Nc6 a2 26.Bd4 Bxc6 27.dxc6 e5 28.
Bxc3 bxc3+ 29.Kc2 Ke7 30.Ra1 Rxc6 31.Rxa2 Rc7 32.Ra6 h6 33.g3 Kf7 34.Ra4 
g5 35.Rc4 Ra7 36.Kxc3 h5 37.Rc8 Kg7 38.Bc4 Ra3+ 39.Bb3 Ra1 40.Rc7+ Kg6 41.
Kd2 Ra6 42.h3 Rd6+ 43.Ke3 Rb6 44.Bd5 Ra6 45.Bg8 Kh6 46.Bh7 Ra3+ 47.Ke2 
Ra2+ 48.Kf1 g4 49.h4 Ra6 50.Kg2 Ra2 51.Bg8 Rb2 52.Be6 Rd2 53.Rf7 Kg6 54.
Rd7 Rxd7 55.Bxd7 Kf7 56.Kf1 Ke7 57.Bc8 Kf7 58.Ke2 Ke7 59.Kd3 Kf7 60.Kc4 
Ke7 61.Kd5 Kf7 62.Kd6 Kg6 63.Ke7 Kg7 64.Bf5 Kh6 65.Bd7 Kg6 66.Be8+ 1-0

[Event "N4 EVT-TARBES"]
[Site "?"]
[Date "2006.12.10"]
[Round "3"]
[White "Tugaye, Francis"]
[Black "Lamy, Loic"]
[Result "0-1"]
[WhiteElo "2100"]
[BlackElo "2083"]
[EventDate "2006.12.11"]
[PlyCount "50"]

1.d4 Nf6 2.c4 c5 3.d5 e6 4.Nc3 exd5 5.cxd5 d6 6.e4 g6 7.Bd3 Bg7 8.Nge2 O-O
9.O-O a6 10.a4 Nbd7 11.Ng3 Ne5 12.Be2 Nfg4 13.h3 Qh4 14.Nh1 Nh6 15.f4 Neg4
16.hxg4 Bd4+ 17.Nf2 Bxg4 18.Qd3 Bxe2 19.Nxe2 Ng4 20.Qh3 Bxf2+ 21.Kh1 Rae8 
22.Nc3 f5 23.exf5 Rxf5 24.Qxh4 Bxh4 25.Bd2 Rh5 0-1

[Event "N4 EVT-TARBES"]
[Site "?"]
[Date "2006.12.10"]
[Round "3"]
[White "Saubiette, Cyrille"]
[Black "Lehman, Denis"]
[Result "1/2-1/2"]
[WhiteElo "1840"]
[BlackElo "1770"]
[EventDate "2006.12.11"]
[PlyCount "86"]

1.d4 d5 2.Bf4 Nf6 3.Nf3 g6 4.Nbd2 Bg7 5.e3 O-O 6.Bd3 b6 7.O-O Nbd7 8.h3 
Bb7 9.c3 Rc8 10.Qe2 c5 11.Ba6 Bxa6 12.Qxa6 Ra8 13.Qe2 Rc8 14.Rfe1 e6 15.
Bh2 Re8 16.Ne5 Nxe5 17.Bxe5 Nd7 18.Bxg7 Kxg7 19.Nf3 e5 20.dxe5 Nxe5 21.
Rad1 Qd6 22.Rd2 Nxf3+ 23.Qxf3 d4 24.cxd4 cxd4 25.Rxd4 Qe6 26.a4 Rc2 27.b4 
Qa2 28.b5 Re6 29.Red1 Rf6 30.Rf4 Rxf4 31.Qxf4 Rc4 32.Rd4 Rc1+ 33.Kh2 Rf1 
34.Qe5+ f6 35.Qe7+ Qf7 36.Qxf7+ Kxf7 37.Kg3 Ke6 38.Rc4 Ra1 39.e4 g5 40.h4 
h5 41.f3 Ke5 42.hxg5 fxg5 43.Kh2 Ra2 1/2-1/2

[Event "N4 EVT-TARBES"]
[Site "?"]
[Date "2006.12.10"]
[Round "3"]
[White "Phalippou, Philippe"]
[Black "Saubiette, Jean Michel"]
[Result "1/2-1/2"]
[WhiteElo "1720"]
[BlackElo "1770"]
[EventDate "2006.12.11"]
[PlyCount "90"]

1.e4 e5 2.Nf3 Nf6 3.d4 Nxe4 4.Bd3 d5 5.Nxe5 Bd6 6.O-O O-O 7.Re1 f5 8.Qh5 
Nd7 9.Nxd7 Bxd7 10.f3 Nf6 11.Qh4 Re8 12.Bg5 Rxe1+ 13.Qxe1 h6 14.Bh4 Qf8 
15.Nc3 Re8 16.Qf1 g5 17.Bf2 Bf4 18.Re1 Bd2 19.Rxe8 Qxe8 20.Nb1 Be3 21.Nc3 
c6 22.Qe2 Bf4 23.Qxe8+ Nxe8 24.Ne2 Bd6 25.Ng3 Ng7 26.Kf1 Kf7 27.Ke2 b6 28.
Nf1 Kf6 29.Bg3 f4 30.Bf2 Nf5 31.g4 Ne7 32.h4 Be8 33.h5 Bf7 34.Nd2 Ke6 35.
a3 Kd7 36.c3 a5 37.a4 Be6 38.Nb3 Kc7 39.Kd2 Ng8 40.Nc1 Nf6 41.Be2 Kd7 42.
Nd3 Kc7 43.b4 axb4 44.cxb4 Bc8 45.Kc3 Kb7 1/2-1/2

[Event "N4 EVT-TARBES"]
[Site "?"]
[Date "2006.12.10"]
[Round "3"]
[White "Cesbron, Guy"]
[Black "Rich, Philippe"]
[Result "0-1"]
[WhiteElo "2104"]
[BlackElo "2064"]
[EventDate "2006.12.11"]
[PlyCount "84"]

1.e4 c5 2.Nf3 e6 3.d4 cxd4 4.Nxd4 Nc6 5.Nc3 a6 6.Be2 Nge7 7.O-O Nxd4 8.
Qxd4 Nc6 9.Qe3 Be7 10.f4 O-O 11.Qg3 Nb4 12.Bd1 d5 13.a3 d4 14.axb4 dxc3 
15.bxc3 Bxb4 16.cxb4 Qd4+ 17.Be3 Qxa1 18.Bc5 Rd8 19.Be2 Qf6 20.Bd3 Qg6 21.
Qh4 Qf6 22.Qg3 Qg6 23.Qh4 Qf6 24.Qf2 e5 25.f5 Bd7 26.Qg3 Bb5 27.Bxb5 axb5 
28.Qe3 Ra2 29.Qb3 Qa6 30.f6 Ra1 31.Qg3 Rxf1+ 32.Kxf1 Qxf6+ 33.Ke2 Qf4 34.
Qxf4 exf4 35.c3 f6 36.Bb6 Rd7 37.g3 fxg3 38.hxg3 Kf7 39.Ke3 Ke6 40.Bd4 h5 
41.Kf4 g5+ 42.Kf3 f5 0-1

[Event "N4 EVT-TARBES"]
[Site "?"]
[Date "2006.12.10"]
[Round "3"]
[White "Carassus, Jean-Louis"]
[Black "Arioli, Claude"]
[Result "0-1"]
[WhiteElo "1800"]
[BlackElo "1970"]
[EventDate "2006.12.11"]
[PlyCount "36"]

1.e4 e6 2.f4 d5 3.e5 c5 4.Nf3 Ne7 5.d4 Nf5 6.Bd3 Nxd4 7.Nxd4 cxd4 8.Bb5+ 
Nc6 9.Bxc6+ bxc6 10.Qxd4 Be7 11.O-O Ba6 12.Rd1 O-O 13.b4 f6 14.Nd2 fxe5 
15.fxe5 Be2 16.Re1 c5 17.bxc5 Qa5 18.Kh1 Bxc5 0-1

[Event "N4 EVT-TARBES"]
[Site "?"]
[Date "2006.12.10"]
[Round "3"]
[White "Bunjaku, Rijard"]
[Black "Pokee, Anne"]
[Result "0-1"]
[WhiteElo "1870"]
[BlackElo "1981"]
[EventDate "2006.12.11"]
[PlyCount "70"]

1.e4 a6 2.Nf3 b5 3.d4 Bb7 4.Bd3 e6 5.O-O c5 6.b3 Qc7 7.Qe2 Nc6 8.d5 Ne5 9.
c4 Nxf3+ 10.gxf3 Bd6 11.Bb2 Bxh2+ 12.Kg2 Be5 13.cxb5 axb5 14.dxe6 fxe6 15.
Bxb5 Nf6 16.Rh1 g6 17.Nc3 Rg8 18.Rad1 Bd4 19.Qc4 Qe5 20.a4 g5 21.Rh6 g4 
22.f4 Qxf4 23.Qxe6+ Kf8 24.Rxf6+ Bxf6 25.Rxd7 Bh4 26.Qd6+ Qxd6 27.Rxd6 Rd8
28.Rxd8+ Bxd8 29.Kg3 Bc7+ 30.Kh4 g3 31.fxg3 Bxg3+ 32.Kh5 Bc8 33.Be2 Be5 
34.a5 Rg2 35.a6 Bf4 0-1

[Event "N4 EVT-TARBES"]
[Site "?"]
[Date "2006.12.10"]
[Round "3"]
[White "Breton, Yves"]
[Black "Varmot, Jean Jacques"]
[Result "0-1"]
[WhiteElo "1940"]
[BlackElo "1900"]
[EventDate "2006.12.11"]
[PlyCount "100"]

1.Nf3 Nf6 2.c4 c5 3.g3 g6 4.Bg2 Bg7 5.O-O O-O 6.Nc3 Nc6 7.d3 d6 8.Bg5 h6 
9.Bd2 Kh7 10.Rb1 Be6 11.a3 a5 12.Qc2 Rc8 13.e4 Ng8 14.Ne2 Bd7 15.b4 axb4 
16.axb4 cxb4 17.Bxb4 Nxb4 18.Rxb4 b5 19.Ned4 bxc4 20.Rxc4 Rxc4 21.Qxc4 Qb6
22.h4 e6 23.Ne2 Ne7 24.Qa2 Rb8 25.Rc1 Nc6 26.Qd2 Rb7 27.Qf4 Nd8 28.e5 d5 
29.Bf1 Qb2 30.g4 Rb4 31.d4 Rc4 32.Re1 Rc2 33.Ng3 Kg8 34.h5 Rxf2 35.hxg6 
fxg6 36.Be2 Rxf3 37.Bxf3 Nc6 38.Ne2 Nb4 39.Qe3 Nc2 40.Qd2 Ba4 41.Rc1 Bf8 
42.Rf1 Bb5 43.Bxd5 exd5 44.Qf4 Bg7 45.Qf7+ Kh7 46.Rf6 Bd3 47.e6 Nxd4 48.e7
Nxe2+ 49.Kh2 Qe5+ 50.Rf4 Bb5 0-1

[Event "N4 - Muret / Loures-Barousse"]
[Site "?"]
[Date "2006.12.10"]
[Round "3"]
[White "Hervet, Gilles"]
[Black "Webb, Richard M"]
[Result "0-1"]
[WhiteElo "2100"]
[BlackElo "2286"]
[EventDate "2006.12.10"]
[PlyCount "70"]

1.e4 c5 2.Nf3 d6 3.d4 cxd4 4.Nxd4 Nf6 5.Nc3 g6 6.Be3 Bg7 7.f3 O-O 8.Qd2 
Nc6 9.g4 Be6 10.O-O-O Nxd4 11.Bxd4 Qa5 12.Kb1 Rfc8 13.Bxf6 Rxc3 14.Qxc3 
Qxa2+ 15.Kc1 Bxf6 16.Qa3 Bg5+ 17.Rd2 Qxa3 18.bxa3 Rc8 19.Kd1 Bxd2 20.Kxd2 
Rc5 21.Bd3 Kg7 22.Rb1 b6 23.Ke3 Kf6 24.h4 h6 25.Kd4 Ra5 26.Ra1 Ra4+ 27.Ke3
g5 28.hxg5+ hxg5 29.c3 Ke5 30.Rh1 Rxa3 31.Rh5 Kf6 32.f4 gxf4+ 33.Kxf4 Rxc3
34.Bb1 Bd7 35.g5+ Kg7 0-1

[Event "N4"]
[Site "?"]
[Date "2006.12.10"]
[Round "3.8"]
[White "Guesdon, Joel"]
[Black "Yebdri, Eric"]
[Result "1-0"]
[WhiteElo "1710"]
[BlackElo "1499"]
[EventDate "2006.12.10"]
[PlyCount "83"]

1.c4 c5 2.Nc3 e6 3.e3 d5 4.cxd5 exd5 5.d4 Nf6 6.g3 b6 7.Bg2 Bb7 8.Nge2 Be7
9.O-O O-O 10.Nf4 cxd4 11.Qxd4 Bc5 12.Qd1 Na6 13.Ncxd5 Nxd5 14.Nxd5 Nc7 15.
Nf6+ Qxf6 16.Bxb7 Rad8 17.Qf3 Qe7 18.Rb1 a5 19.b3 Ne6 20.h4 Rd7 21.Ba6 Bb4
22.Bb5 Rc7 23.a4 Rd8 24.Bb2 Bc3 25.Bc4 Bxb2 26.Rxb2 Nc5 27.Rd1 Rxd1+ 28.
Qxd1 Rd7 29.Rd2 g6 30.Rxd7 Nxd7 31.Qd5 Ne5 32.Kg2 Nxc4 33.Qxc4 Qe6 34.Qxe6
fxe6 35.Kf3 Kf7 36.Ke4 Ke7 37.Ke5 h6 38.g4 h5 39.gxh5 gxh5 40.f4 Kf7 41.f5
exf5 42.Kxf5 1-0

[Event "N4"]
[Site "?"]
[Date "2006.12.10"]
[Round "3.7"]
[White "Mauge, Christian"]
[Black "Taravaud, Evelyne"]
[Result "0-1"]
[WhiteElo "1640"]
[BlackElo "1750"]
[EventDate "2006.12.10"]
[PlyCount "85"]

1.b4 e5 2.a3 d5 3.Bb2 Bd6 4.e3 Nf6 5.c4 c6 6.c5 Bc7 7.Be2 Be6 8.Nf3 Nbd7 
9.Ng5 Qe7 10.Nxe6 Qxe6 11.h3 h5 12.d3 g6 13.Nc3 Rg8 14.Bf3 e4 15.dxe4 dxe4
16.Be2 O-O-O 17.Qc2 Rge8 18.Na4 Nd5 19.Bc4 Nxe3 20.fxe3 Bg3+ 21.Ke2 Qe7 
22.Raf1 f5 23.Bc3 Ne5 24.Be1 Bxe1 25.Kxe1 Qg5 26.Kf2 Nxc4 27.Qxc4 Rd2+ 28.
Qe2 Rxe2+ 29.Kxe2 Rd8 30.Rf2 Rd3 31.Re1 Rxa3 32.Nb2 Rxe3+ 33.Kf1 Rxe1+ 34.
Kxe1 Qc1+ 35.Nd1 Qb1 36.Rb2 Qd3 37.Ra2 Qg3+ 38.Kf1 g5 39.b5 f4 40.Kg1 h4 
41.Nc3 cxb5 42.Nxb5 Qe3+ 43.Kf1 {Suite illisible} 0-1

[Event "N4"]
[Site "?"]
[Date "2006.12.10"]
[Round "3.6"]
[White "Garrel, Pascal"]
[Black "Carinola, Raphael"]
[Result "1-0"]
[WhiteElo "1693"]
[BlackElo "1560"]
[EventDate "2006.12.10"]
[PlyCount "93"]

1.c4 Nf6 2.d4 e6 3.Nc3 d5 4.Bg5 Be7 5.e3 O-O 6.Nf3 c6 7.Bd3 dxc4 8.Bxc4 
Nbd7 9.O-O a6 10.Rc1 h6 11.Bh4 b5 12.Bb3 Bb7 13.a3 Rc8 14.Ba2 c5 15.d5 
exd5 16.Nxd5 Nxd5 17.Bxd5 Bxd5 18.Qxd5 Bxh4 19.Nxh4 Nf6 20.Qb7 Ng4 21.Nf3 
Qf6 22.h3 Ne5 23.Nxe5 Qxe5 24.Qxa6 Qxb2 25.Rb1 Qe2 26.Qxb5 Qxb5 27.Rxb5 c4
28.Rc1 Rc7 29.Rc3 Rd8 30.Rb4 Rdc8 31.a4 Kf8 32.Kf1 Ke7 33.Ke2 Ke6 34.Kd2 
f5 35.Kc2 Kd5 36.Ra3 g5 37.a5 f4 38.Rba4 {[%emt 0:00:00]} 38...Kc5 39.a6 
Kb6 40.Ra1 Kb5 41.a7 Ra8 42.e4 Kc5 43.Kc3 Kb6 44.Kb4 Raxa7 45.Rxa7 Rxa7 
46.Rxa7 Kxa7 47.Kxc4 1-0

[Event "N4"]
[Site "?"]
[Date "2006.12.10"]
[Round "3.5"]
[White "Carinola, Marco"]
[Black "Marni-Sandid, Tarik"]
[Result "0-1"]
[WhiteElo "1680"]
[BlackElo "1770"]
[EventDate "2006.12.10"]
[PlyCount "104"]

1.c4 Nf6 2.Nc3 c5 3.d3 g6 4.Nf3 Bg7 5.Bg5 Nc6 6.Qc1 O-O 7.Bh6 d6 8.e4 Bg4 
9.Be2 Nb4 10.Bxg7 Kxg7 11.Qd2 a6 12.a3 Nc6 13.h3 Bxf3 14.Bxf3 Nd4 15.Bd1 
b5 16.cxb5 axb5 17.Ne2 Nxe2 18.Bxe2 Nd7 19.O-O Rb8 20.b4 cxb4 21.axb4 Ra8 
22.d4 Rxa1 23.Rxa1 Nf6 24.Qd3 Qc7 25.Ra5 Qc1+ 26.Bf1 Qe1 27.Rxb5 Nxe4 28.
Qe3 Qb1 29.Qd3 Qe1 30.Qe3 Qxe3 31.fxe3 Nc3 32.Rb7 Kf6 33.Rc7 Nd1 34.e4 Rb8
35.b5 Ne3 36.Bd3 d5 37.Rc6+ e6 38.b6 Nc4 39.Bxc4 dxc4 40.Rxc4 Rxb6 41.Kf2 
Rb3 42.Ke2 h5 43.Kd2 Rg3 44.d5 Rxg2+ 45.Kd3 exd5 46.exd5 Ke5 47.Rd4 Kd6 
48.Ke4 Rg3 49.h4 Rg4+ 50.Ke3 Rxd4 51.Kxd4 f6 52.Ke4 Kc5 0-1

[Event "N4"]
[Site "?"]
[Date "2006.12.10"]
[Round "3.4"]
[White "Pinault, Ronan"]
[Black "Ferreira, Georges"]
[Result "0-1"]
[WhiteElo "1790"]
[BlackElo "1750"]
[EventDate "2006.12.10"]
[PlyCount "100"]

1.d4 d5 2.Nf3 Nf6 3.c4 e6 4.Nc3 c5 5.e3 Nc6 6.dxc5 Bxc5 7.cxd5 Nxd5 8.Nxd5
Qxd5 9.Qxd5 exd5 10.Bb5 Bb4+ 11.Bd2 Bxd2+ 12.Kxd2 Bd7 13.Rac1 a6 14.Bxc6 
Bxc6 15.Nd4 Kd7 16.Rc5 Rhc8 17.b4 b6 18.Rc3 Bb7 19.Rhc1 Rxc3 20.Rxc3 Rc8 
21.Rxc8 Bxc8 22.Kd3 Kd6 23.Nf3 h6 24.Kd4 Bf5 25.Ne5 f6 26.Nf3 Bb1 27.a3 
Be4 28.Ne1 Kc6 29.f3 Bg6 30.Nd3 Bxd3 31.Kxd3 Kb5 32.Kd4 Kc6 33.f4 g6 34.g4
Kd6 35.a4 Ke6 36.h4 Kd6 37.g5 hxg5 38.f5 gxh4 39.fxg6 Ke6 40.g7 Kf7 41.
Kxd5 h3 42.Kc6 h2 43.Kxb6 h1=Q 44.Kxa6 Qa8+ 45.Kb5 Kxg7 46.a5 Kf7 47.a6 
Ke6 48.Kb6 Kd6 49.a7 Qc6+ 50.Ka5 Qb7 0-1

[Event "N4"]
[Site "?"]
[Date "2006.12.10"]
[Round "3.3"]
[White "Masot, Liberto"]
[Black "Treinsoutrot, Victor"]
[Result "1-0"]
[WhiteElo "1728"]
[BlackElo "1894"]
[EventDate "2006.12.10"]
[PlyCount "49"]

1.d4 d5 2.Nf3 Nf6 3.e3 Bf5 4.Bd3 Bg6 5.Ne5 Bxd3 6.Qxd3 Nbd7 7.Nd2 e6 8.f4 
Bd6 9.O-O O-O 10.Ndf3 c5 11.c3 c4 12.Qe2 b5 13.Bd2 Ne4 14.Be1 f6 15.Bh4 
Qc7 16.Nxd7 Qxd7 17.Nd2 Nxd2 18.Qxd2 Rab8 19.a3 a5 20.Rfb1 Rb7 21.Qc2 Rd8 
22.Be1 b4 23.axb4 axb4 24.Bd2 Rb6 25.e4 1-0

[Event "N4"]
[Site "?"]
[Date "2006.12.10"]
[Round "3.2"]
[White "Jacquart, Christian"]
[Black "Luneau, Gilles"]
[Result "1/2-1/2"]
[WhiteElo "1890"]
[BlackElo "1903"]
[EventDate "2006.12.10"]
[PlyCount "113"]

1.d4 b5 2.e4 Bb7 3.Bd3 c5 4.c3 e6 5.Nf3 a6 6.Bf4 Nf6 7.Nbd2 cxd4 8.cxd4 
Nc6 9.Rc1 Rc8 10.O-O d6 11.Bg5 Be7 12.Qe2 O-O 13.h3 Re8 14.Rfd1 Qb6 15.Nb3
h6 16.Bh4 Nh5 17.Bb1 Bxh4 18.Nxh4 Nf6 19.e5 dxe5 20.dxe5 Nd5 21.Nc5 Nd4 
22.Rxd4 Rxc5 23.Rxc5 Qxc5 24.Qd3 f5 25.exf6 Nxf6 26.Bc2 Bd5 27.Rf4 Rc8 28.
Rxf6 Qxc2 29.Qg3 Qc1+ 30.Kh2 Qg5 31.Rg6 Qxg3+ 32.Kxg3 Bxa2 33.Rg4 Bc4 34.
Ng6 Rc5 35.Nf4 Kf7 36.h4 Kf6 37.h5 Rg5 38.Kh4 e5 39.Nh3 Rxg4+ 40.Kxg4 Be6+
41.Kh4 Bd5 42.g4 g5+ 43.hxg6 Kxg6 44.Ng1 b4 45.Ne2 a5 46.Ng3 a4 47.Nf5 Kh7
48.Ne3 Be6 49.Nc2 a3 50.Nxa3 bxa3 51.bxa3 Bb3 52.g5 Bc2 53.gxh6 Kxh6 54.
Kg4 Kg6 55.f4 e4 56.f5+ Kf6 57.Kf4 1/2-1/2

[Event "R1 - Tarbes 2 / Foix 2"]
[Site "Tarbes"]
[Date "2006.12.10"]
[Round "3"]
[White "De Keguelin, Thierry"]
[Black "Portet, Benoit"]
[Result "0-1"]
[WhiteElo "1499"]
[BlackElo "1390"]
[EventDate "2006.??.??"]
[PlyCount "64"]
[WhiteTeam "TARBES2"]
[BlackTeam "FOIX2"]

1.e4 e6 2.d4 d5 3.Nc3 Nf6 4.e5 Nfd7 5.Bd3 c5 6.Nge2 cxd4 7.Nxd4 Nxe5 8.O-O
Bc5 9.Nb3 Bd6 10.Nb5 Nbc6 11.Bf4 Bb8 12.Be2 Nf3+ 13.Bxf3 Bxf4 14.Re1 O-O 
15.g3 Be5 16.c3 Qb6 17.N5d4 Nxd4 18.cxd4 Bf6 19.Qd2 Bd7 20.Rac1 Rfc8 21.
Nc5 Rc7 22.Rc3 Qa5 23.a3 Qb6 24.Rec1 Bc6 25.Be2 Be7 26.Rb3 Bxc5 27.Rxb6 
Bxb6 28.b4 Rac8 29.Qf4 f6 30.b5 Bd7 31.Rxc7 Bxc7 32.a4 Bxf4 0-1

[Event "R1 - Tarbes 2 / Foix 2"]
[Site "Tarbes"]
[Date "2006.12.10"]
[Round "3"]
[White "Verwaerde, Jolanthe"]
[Black "Vasseur, Philippe"]
[Result "0-1"]
[WhiteElo "1450"]
[BlackElo "1580"]
[EventDate "2006.??.??"]
[PlyCount "50"]
[WhiteTeam "FOIX2"]
[BlackTeam "TARBES2"]

1.e4 e5 2.Nf3 Nf6 3.Bc4 Nc6 4.Nc3 h6 5.d3 Bc5 6.h3 d6 7.Qe2 Nd4 8.Nxd4 
Bxd4 9.Bd2 Qe7 10.O-O-O Be6 11.Bxe6 Qxe6 12.Rhf1 Nd7 13.Nd5 O-O-O 14.Be3 
c6 15.Bxd4 exd4 16.Nb4 a5 17.Nxc6 bxc6 18.b3 f5 19.f3 f4 20.Qd2 Qe5 21.a4 
Kc7 22.Qf2 Rb8 23.Kb2 Qc5 24.Qd2 Nb6 25.Kb1 Nxa4 0-1

[Event "R1 - Tarbes 2 / Foix 2"]
[Site "Tarbes"]
[Date "2006.12.10"]
[Round "3"]
[White "Pyronnet, Guilhem"]
[Black "Chareyre, Serge"]
[Result "1-0"]
[WhiteElo "1080"]
[BlackElo "1499"]
[EventDate "2006.??.??"]
[PlyCount "35"]
[WhiteTeam "FOIX2"]
[BlackTeam "TARBES2"]

1.e4 e5 2.Nf3 Nc6 3.Bc4 Nf6 4.d3 d5 5.exd5 Nxd5 6.Bxd5 Qxd5 7.Nc3 Qd7 8.
Qe2 f6 9.Be3 Qe6 10.a3 Bd7 11.O-O-O Qf7 12.Rhe1 O-O-O 13.Nd2 Re8 14.Qf3 
Bd6 15.Nb3 b6 16.a4 Bb4 17.Bd2 Na5 18.Qa8# 1-0

[Event "R1 - Tarbes 2 / Foix 2"]
[Site "Tarbes"]
[Date "2006.12.10"]
[Round "3"]
[White "Martinez, Benito"]
[Black "Verwaerde, Hervé"]
[Result "1-0"]
[WhiteElo "1770"]
[BlackElo "1720"]
[EventDate "2006.??.??"]
[PlyCount "80"]
[WhiteTeam "TARBES2"]
[BlackTeam "FOIX2"]

1.e4 d5 2.e5 c5 3.f4 Nc6 4.Nf3 Bg4 5.Bb5 Qb6 6.a4 a6 7.Bxc6+ Qxc6 8.O-O e6
9.c3 Rc8 10.d3 f5 11.Nbd2 Ne7 12.Qe1 Qb6 13.Kh1 Ng6 14.a5 Qc6 15.b3 Nxf4 
16.Qe3 Ng6 17.h3 Bxf3 18.Nxf3 Be7 19.Qe2 O-O 20.Ng5 f4 21.Nf3 Rf5 22.Bd2 
Qc7 23.d4 b5 24.axb6 Qxb6 25.Rxa6 Qxb3 26.Rxe6 Ra8 27.Qd3 Rff8 28.Rb1 Qa2 
29.Reb6 c4 30.Qf1 Qc2 31.R1b2 Qf5 32.R2b5 Rad8 33.Rb7 Bg5 34.Rc5 Ne7 35.
Rcc7 Rfe8 36.Nxg5 Qxg5 37.Bxf4 Rf8 38.Bxg5 Rxf1+ 39.Kh2 Re8 40.Bxe7 Rc1 
1-0